Centralized and Automatic Controls in Ships. (Record no. 3282)

000 -LEADER
fixed length control field 03638cam a2200409Mu 4500
006 - FIXED-LENGTH DATA ELEMENTS--ADDITIONAL MATERIAL CHARACTERISTICS--GENERAL INFORMATION
fixed length control field m o d
007 - PHYSICAL DESCRIPTION FIXED FIELD--GENERAL INFORMATION
fixed length control field cr cnu---unuuu
008 - FIXED-LENGTH DATA ELEMENTS--GENERAL INFORMATION
fixed length control field 140614s1966 vtu o 000 0 eng d
020 ## - INTERNATIONAL STANDARD BOOK NUMBER
International Standard Book Number 9781483226989
Qualifying information (electronic bk.)
020 ## - INTERNATIONAL STANDARD BOOK NUMBER
International Standard Book Number 1483226980
Qualifying information (electronic bk.)
040 ## - CATALOGING SOURCE
Original cataloging agency IMU Kochi Library
Language of cataloging eng
041 0# - LANGUAGE CODE
Language code of text/sound track or separate title eng
082 04 - DEWEY DECIMAL CLASSIFICATION NUMBER
Classification number 623.85
100 1# - MAIN ENTRY--PERSONAL NAME
Personal name Gray, D.
245 10 - TITLE STATEMENT
Title Centralized and Automatic Controls in Ships.
260 ## - PUBLICATION, DISTRIBUTION, ETC. (IMPRINT)
Place of publication, distribution, etc Burlington :
Name of publisher, distributor, etc Elsevier Science,
Date of publication, distribution, etc 1966.
300 ## - PHYSICAL DESCRIPTION
Extent 1 online resource (366 pages)
505 0# - FORMATTED CONTENTS NOTE
Formatted contents note Cover image; Title page; Table of Contents; Copyright; Foreword; Editor's Preface; Chapter 1: Introduction; Publisher Summary; 1.1 AUTOMATION; 1.2 AUTOMATIC CONTROL; 1.3 EARLY FORMS OF AUTOMATIC CONTROL; 1.4 CYBERNETICS; 1.5 APPLICATION OF CONTROL; Chapter 2: Ship Construction; Publisher Summary; Chapter 3: Main Machinery; Publisher Summary; Chapter 4: Central Control Room; Publisher Summary; Chapter 5: The Monitoring System; Publisher Summary; 5.1 SENSING DEVICES; 5.2 TRANSDUCERS; Chapter 6: The Display System; Publisher Summary; 6.1 INDICATORS; 6.2 INDICATION AND DISPLAY.
505 8# - FORMATTED CONTENTS NOTE
Formatted contents note Chapter 7: ActuatorsPublisher Summary; 7.1 HYDRAULIC ACTUATORS; 7.2 PNEUMATIC ACTUATORS; 7.3 ELECTRIC ACTUATORS; 7.4 SELECTION OF ACTUATORS; Chapter 8: Non-automatic Control Elements; Publisher Summary; 8.1 PNEUMATIC CONTROL ELEMENTS; 8.2 ELECTRIC CONTROL ELEMENTS; 8.3 HYDRAULIC CONTROL ELEMENTS; Chapter 9: The Principles of Automatic Control; Publisher Summary; 9.1 In this chapter the principles and terminology used in the application of automatic controllers will be explained; 9.2 CONTROL ACTIONS; 9.3 PLANT CHARACTERISTICS; 9.4; Chapter 10: The Basic Principles of Automatic Controllers.
505 8# - FORMATTED CONTENTS NOTE
Formatted contents note Publisher Summary10.1 PNEUMATIC CONTROLLERS; 10.2 ELECTRONIC CONTROLLERS; 10.3 HYDRAULIC CONTROLLERS; Chapter 11: Logic Circuits; Publisher Summary; 11.2 TRANSISTOR THEORY; 11.3 CONTACTLESS PROXIMITY LIMIT SWITCH; Chapter 12: Final Control Elements; Publisher Summary; 12.2 RANGEABILITY AND TURN DOWN; 12.3 VALVE POSITIONER; Chapter 13: Applications of Control Engineering; Publisher Summary; Chapter 14: Steam-raising Plant; Publisher Summary; 14.1 AUTOMATIC COMBUSTION CONTROL; 14.2 AUTOMATIC CONTROL OF BOILER DRUM LEVEL; 14.3 STEAM TEMPERATURE CONTROL; 14.4 SAFETY CIRCUITS.
505 8# - FORMATTED CONTENTS NOTE
Formatted contents note 14.5 SUBSIDIARY CONTROL LOOPS14.6 INSTRUMENTATION; Chapter 15: Steam Turbines; Publisher Summary; 15.2 SUBSIDIARY CONTROL LOOPS; 15.3 A TYPICAL TURBINE CONTROL SYSTEM; 15.4 INSTRUMENTATION; Chapter 16: Diesel Engines; Publisher Summary; 16.1 DIRECT REVERSING DIESEL ENGINES; 16.2 UNIDIRECTIONAL DIESEL ENGINES WITH REVERSE GEAR; 16.3 A TYPICAL CONTROL SYSTEM; 16.4 INSTRUMENTATION; Chapter 17: Generation and Distribution of Electric Power; Publisher Summary; Chapter 18: Pumping of Liquid Cargoes; Publisher Summary; Chapter 19: Refrigeration; Publisher Summary; 19.1 BRINE SYSTEMS.
505 8# - FORMATTED CONTENTS NOTE
Formatted contents note Chapter 20: Commissioning and MaintenancePublisher Summary; 20.1 COMMISSIONING; 20.2 MAINTENANCE; Glossary of Terms used in Automatic Control; Bibliography; Index.
520 ## - SUMMARY, ETC.
Summary, etc Centralized and Automatic Controls in Ships.
650 #0 - SUBJECT ADDED ENTRY--TOPICAL TERM
Topical term or geographic name as entry element Ships
General subdivision Automation.
650 #7 - SUBJECT ADDED ENTRY--TOPICAL TERM
Topical term or geographic name as entry element TECHNOLOGY & ENGINEERING
General subdivision Military Science.
Source of heading or term bisacsh
650 #7 - SUBJECT ADDED ENTRY--TOPICAL TERM
Topical term or geographic name as entry element Ships
General subdivision Automation
Source of heading or term fast
700 1# - ADDED ENTRY--PERSONAL NAME
Personal name Bennett, A. J. S.
852 ## - LOCATION/CALL NUMBER
Location IMU Kochi Library
856 40 - ELECTRONIC LOCATION AND ACCESS
Uniform Resource Identifier <a href="https://www.sciencedirect.com/science/book/9781483213552">https://www.sciencedirect.com/science/book/9781483213552</a>
904 ## - LOCAL DATA ELEMENT D, LDD (RLIN)
CATALOGER Rudra Ranjan
905 ## - LOCAL DATA ELEMENT E, LDE (RLIN)
VERIFIER Rudra Ranjan
942 ## - ADDED ENTRY ELEMENTS (KOHA)
Item type E-Book
338 ## -
-- online resource
650 #7 - SUBJECT ADDED ENTRY--TOPICAL TERM
-- (OCoLC)fst01116446

No items available.



Copyright © All Rights Reserved by Indian Maritime University, Kochi Campus.
For any Suggestions/Query Contact to library or Email: library.kochi@imu.ac.in Ph:(0484)-2989402
(Web OPAC Designed by Rudra Ranjan. Maintained by IMU Kochi Library)

Powered by Koha